Hình tượng cái tôi trữ tình trong thơ Việt Nam giai đoạn 1955-1965

Về cái tôi trữ tình và bối cảnh xuất hiện cái tôi trữ tình trong thơ Việt Nam giai đoạn 1955-1965. Những đặc điểm của cái tôi trữ tình trong thơ Việt Nam giai đoạn 1955-1965. Nghệ thuật biểu hiện cái tôi trữ tình trong thơ Việt Nam giai đoạn 1955-1965....

Popoln opis

Shranjeno v:
Bibliografske podrobnosti
Glavni avtor: Vũ Thị Hương
Drugi avtorji: Phan Ngọc Thu TS. (Hướng dẫn)
Format: Knjiga
Jezik:Vietnamese
Izdano: Đà Nẵng Đại học Đà Nẵng 2015
Teme:
Oznake: Označite
Brez oznak, prvi označite!
Thư viện lưu trữ: Mạng thư viện Đại học Đà Nẵng
LEADER 01779nam a2200349 4500
001 000023804
003 20257
005 20160325100350.0
008 160309s2015 viesd
041 |a vie 
082 1 4 |a 895.922134  |b VU-H 
100 1 |a Vũ Thị Hương 
245 1 |a Hình tượng cái tôi trữ tình trong thơ Việt Nam giai đoạn 1955-1965  |c Vũ Thị Hương ; Phan Ngọc Thu hướng dẫn.  |k Luận văn Thạc sĩ 
260 |a Đà Nẵng  |b Đại học Đà Nẵng  |c 2015 
300 |a 91 tr. ; phụ lục 5 tr.  |c 29 cm.  |e Tóm tắt 
500 |a Luận văn thạc sĩ Khoa học xã hội và nhân văn. Chuyên ngành: Văn học Việt Nam. Mã số: 60.22.01.21 
520 3 |a Về cái tôi trữ tình và bối cảnh xuất hiện cái tôi trữ tình trong thơ Việt Nam giai đoạn 1955-1965. Những đặc điểm của cái tôi trữ tình trong thơ Việt Nam giai đoạn 1955-1965. Nghệ thuật biểu hiện cái tôi trữ tình trong thơ Việt Nam giai đoạn 1955-1965. 
650 0 4 |a Thơ Việt Nam  |v Luận văn tốt nghiệp  |x Cái tôi trữ tình  |y 1955-1965  |z Việt Nam 
653 |a Thơ Việt Nam 
653 |a Cái tôi trữ tình 
653 |a Văn học Việt Nam 
700 1 |a Phan Ngọc Thu  |c TS.  |e Hướng dẫn 
OWN |a LSP 
AVA |a UDN50  |b LSP  |d 895.922134 VU-H  |e available  |t Error 5001 Not defined in file expand_doc_bib_avail.  |f 1  |g 0  |h N  |i 0  |k 1 
999 |a From the UDN01 
AVA |a UDN50  |b LSP  |d 895.922134 VU-H  |e available  |t Error 5001 Not defined in file expand_doc_bib_avail.  |f 1  |g 0  |h N  |i 0  |k 1 
TYP |a Monograph 
TYP |a Printed language 
980 |a Mạng thư viện Đại học Đà Nẵng